<?xml version="1.0" encoding="UTF-8"?>
<record
    xmlns:xsi="http://www.w3.org/2001/XMLSchema-instance"
    xsi:schemaLocation="http://www.loc.gov/MARC21/slim http://www.loc.gov/standards/marcxml/schema/MARC21slim.xsd"
    xmlns="http://www.loc.gov/MARC21/slim">

  <leader>004240000a22001330004500</leader>
  <datafield tag="090" ind1=" " ind2=" ">
    <subfield code="a">AS</subfield>
    <subfield code="b">Seriadas</subfield>
  </datafield>
  <datafield tag="245" ind1="1" ind2="0">
    <subfield code="a">Formaciones coralinas de Isla Tortuguilla (Caribe colombiano)</subfield>
  </datafield>
  <datafield tag="041" ind1="0" ind2=" ">
    <subfield code="a">Espa&#xF1;ol</subfield>
  </datafield>
  <datafield tag="700" ind1="1" ind2=" ">
    <subfield code="a">Diaz, Juan Manuel</subfield>
    <subfield code="9">13639</subfield>
  </datafield>
  <datafield tag="700" ind1="1" ind2=" ">
    <subfield code="a">M&#xE1;rquez, Juan Carlos</subfield>
    <subfield code="9">99709</subfield>
  </datafield>
  <datafield tag="100" ind1="1" ind2=" ">
    <subfield code="a">L&#xF3;pez Victoria, Mateo</subfield>
    <subfield code="9">16587</subfield>
  </datafield>
  <datafield tag="942" ind1=" " ind2=" ">
    <subfield code="c">ARTICULO</subfield>
  </datafield>
  <datafield tag="773" ind1="1" ind2=" ">
    <subfield code="t">Bolet&#xED;n de Investigaciones Marinas y Costeras</subfield>
    <subfield code="h">29</subfield>
    <subfield code="q">51-58</subfield>
    <subfield code="d">2000</subfield>
  </datafield>
  <datafield tag="999" ind1=" " ind2=" ">
    <subfield code="c">15446</subfield>
    <subfield code="d">15446</subfield>
  </datafield>
</record>
